AoC Europe Capitals 1792 - Statistics

General Stats
  • This quiz has been taken 4 times
  • The average score is 61 of 100
Answer Stats
Country Capitol % Correct
Algers* Algers
100%
Dutch Republic Amsterdam
100%
Berat* Berat
100%
Prussia Berlin
100%
Switzerland Bern
100%
San Marino City of San Marino
100%
Erivan* Erivan
100%
Holy Roman Empire Frankfurt
100%
Ganja* Ganja
100%
Geneva* Geneva
100%
Genoa* Genoa
100%
Hanover* Hanover
100%
Liége* Liége
100%
Portugal Lisbon
100%
Great Britain London
100%
Lucca* Lucca
100%
Spain Madrid
100%
Mainz* Mainz
100%
Milan* Milan
100%
Modena* Modena
100%
Monaco* Monaco
100%
Bavaria Munich
100%
Naples* Naples
100%
France Paris
100%
Parma* Parma
100%
Piombino* Piombino
100%
Ragusa* Ragusa
100%
Papal States Rome
100%
Rovca* Rovca
100%
Russia Saint Petersburg
100%
Salzburg* Salzburg
100%
Sweden Stockholm
100%
Tarki* Tarki
100%
Trier* Trier
100%
Tunis* Tunis
100%
Ulm* Ulm
100%
Venice* Venice
100%
Poland Lithuania Warsaw
100%
Würzburg* Würzburg
100%
Yanina* Yanina
100%
Abkhazia* Abkhazia
75%
Andorra Andorra la Vella
75%
Ansbach* Ansbach
75%
Augsburg* Augsburg
75%
Ottoman Empire Constantinople
75%
Denmark Copenhagen
75%
Cospaia* Cospaia
75%
Didoya* Didoya
75%
Durdzuki* Durdzuki
75%
Imereti* Imereti
75%
Karabakh* Karabakh
75%
Mark* Mark
75%
Münster* Münster
75%
Neuchâtel* Neuchâtel
75%
Oldenburg* Oldenburg
75%
Sicily Palermo
75%
Poljica* Poljica
75%
Scavolino* Scavolino
75%
Savoy Turin
75%
Habsburg Empire Vienna
75%
Morocco Fez
50%
Tuscany Florence
50%
Cologne Köln
50%
Saxony Leipzig
50%
Nakichevan* Nakichevan
50%
Svaneti* Svaneti
50%
Liechtenstein Vaduz
50%
Wallachia Bucharest
25%
Sardinia Cagliari
25%
Three Leagues Chur
25%
Anhalt Dessau
25%
Moldavia Iași
25%
Cleves Kleve
25%
Seven Tithings Sion
25%
Württemberg Stuttgart
25%
Ossetia Alania
0%
Circassia Bighurquale
0%
Tuggurt Biskra
0%
Montenegro Cetinje
0%
Norway Christiania
0%
Mount Lebanon Deir Al Qamar
0%
Caucasian States Derbent
0%
Finnmark Kautokeino
0%
East Frisia Emden
0%
Junior Jüz Guriev
0%
Baden Karlsruhe
0%
Persia Maku
0%
Palatinate Mannheim
0%
Courland Semigalla Mitau
0%
Shaki Nukha
0%
Guria Ozurgeti
0%
Basel Porrentruy
0%
Kabardia Qetuqwey
0%
Mecklenburg Schwerin
0%
Shkodra Shkodër
0%
Hohenzollern Sigmaringen
0%
Kartili Kakheti Tiflis
0%
Diriyah Turaif
0%
Saxon Duchies Weimar
0%
Mingrelia Zugdidi
0%
No matching quizzes found
Score Distribution
Percent of People with Each Score
Percentile by Number Answered
Your Score History
You have not taken this quiz